01014nam a2200277 i 450000100060000000300090000600500170001500700030003200800410003501700510007602000190012708000120014610000580015824500800021626000330029630000280032949000480035750000150040550400380042065000410045883000480049985200280054794200230057599900170059895201210061527717ES-MaACL20250824063030.0t|030115s1981 sp ||||1| spa d aM 35237-1981 bOficina Depósito Legal Madrid a84-207-2151-4  a371.2141 aAzcárate Ristori, Isabel de,d1923-2016eaut92425513aLa programación en la práctica escolar / cIsabel de Azcárate Ristori a[Madrid] : bAnaya, c[1981] a159 páginas ; c22 cm1 aTemas monográficos de educación9181912 aÍndice  aBibliografía: páginas 157-159 7aCurrículo educativo2embne9171072 0aTemas monográficos de educación91819124 aES-MaACLcDEPO2jL-1409 2udccMONOGRAFIAn0 c27717d27717 00104070aATENEOMbATENEOMcDEPO2d2008-01-17eSCl0oL-1409p1028623r2023-02-23 00:00:00w2023-02-23yMONOGRAFIA